000 00502nam a2200169Ia 4500
001 28543
008 171221s1963 ii g b000 u 465 u
082 _a311.2
100 _aCohen, Lillian .
245 0 _aStatistical Methods for Social Scientists: An Introduction /
_cLillian Cohen.
_hTextual Documents
250 _a1st ed. /
260 _aNew Delhi :
_bPrentice-Hall of India(Pvt Ltd) ,
_c1963.
300 _a181p. ;
_c22cm.
653 _aStatistics
653 _aT/G-Statistics
942 _2ddc
_cBK
999 _c28525
_d28525